000 00618nam a2200193Ia 4500
005 20260114185738.0
008 008 260114s9999 xx 000 0 eng d
020 _a9781501349355
037 _aEBOOK
040 _aCRL
_beng
_cCRL
041 _aeng
_2eng
084 _qCRL
100 _aKathe Hicks Albrecht
_9873883
245 4 _aThe Machine Anxieties of Steampunk Contemporary Philosophy, Victorian Aesthetics, and the Future
260 _bBloomsbury
_c2021
856 _uhttps://doi.org/10.5040/9781501349355?locatt=label:secondary_bloomsburyCollections
942 _cEBOOK
999 _c1472823
_d1472823